000 00443nam a2200181Ia 4500
001 8501
005 20260306160614.0
008 260306t2006||||xx |||||||||||||| ||spa||
041 _aESP
082 _a371.1
_bO69
100 _aOrna Sánchez, Oswaldo
_eAUT
245 0 _aEtica y deontología del docente universitario
260 _c2006
300 _a147 páginas :
_c20 cm.
650 _aGEN
654 _aCED
942 _cLIB
_dJUS
_fJUS
_2ddc
_n
999 _c8501
_d8501